000 00334nam a2200121Ia 4500
008 220203s9999 xx 000 0 und d
041 _aMalayalam
100 _aK. G. Satheeskumar
245 0 _aRubber: Karshakarkkoru Kaippusthakam
260 _bRubber Research Institute of India
_aKottayam
_c2010
650 _aExtension
942 _cPN
999 _c45085
_d45085